<?xml version="1.0" encoding="UTF-8"?><?xml-stylesheet type="text/xsl" href="static/style.xsl"?><OAI-PMH xmlns="http://www.openarchives.org/OAI/2.0/" xmlns:xsi="http://www.w3.org/2001/XMLSchema-instance" xsi:schemaLocation="http://www.openarchives.org/OAI/2.0/ http://www.openarchives.org/OAI/2.0/OAI-PMH.xsd"><responseDate>2026-04-17T17:00:30Z</responseDate><request verb="GetRecord" identifier="oai:www.recercat.cat:11351/7390" metadataPrefix="marc">https://recercat.cat/oai/request</request><GetRecord><record><header><identifier>oai:recercat.cat:11351/7390</identifier><datestamp>2025-10-24T10:19:22Z</datestamp><setSpec>com_2072_378070</setSpec><setSpec>com_2072_378040</setSpec><setSpec>col_2072_378092</setSpec></header><metadata><record xmlns="http://www.loc.gov/MARC21/slim" xmlns:dcterms="http://purl.org/dc/terms/" xmlns:xsi="http://www.w3.org/2001/XMLSchema-instance" xmlns:doc="http://www.lyncode.com/xoai" xsi:schemaLocation="http://www.loc.gov/MARC21/slim http://www.loc.gov/standards/marcxml/schema/MARC21slim.xsd">
   <leader>00925njm 22002777a 4500</leader>
   <datafield ind2=" " ind1=" " tag="042">
      <subfield code="a">dc</subfield>
   </datafield>
   <datafield ind2=" " ind1=" " tag="720">
      <subfield code="a">Echeverría-Esnal, Daniel</subfield>
      <subfield code="e">author</subfield>
   </datafield>
   <datafield ind2=" " ind1=" " tag="720">
      <subfield code="a">Ferrer Roca, Ricard</subfield>
      <subfield code="e">author</subfield>
   </datafield>
   <datafield ind2=" " ind1=" " tag="720">
      <subfield code="a">Hernández Baeza, Sergi</subfield>
      <subfield code="e">author</subfield>
   </datafield>
   <datafield ind2=" " ind1=" " tag="720">
      <subfield code="a">Almendral, Alexander</subfield>
      <subfield code="e">author</subfield>
   </datafield>
   <datafield ind2=" " ind1=" " tag="720">
      <subfield code="a">Limón, Enric</subfield>
      <subfield code="e">author</subfield>
   </datafield>
   <datafield ind2=" " ind1=" " tag="720">
      <subfield code="a">Grau, Santiago</subfield>
      <subfield code="e">author</subfield>
   </datafield>
   <datafield ind2=" " ind1=" " tag="260">
      <subfield code="c">2022-04-25T10:14:16Z</subfield>
   </datafield>
   <datafield ind2=" " ind1=" " tag="260">
      <subfield code="c">2022-04-25T10:14:16Z</subfield>
   </datafield>
   <datafield ind2=" " ind1=" " tag="260">
      <subfield code="c">2021-08-04</subfield>
   </datafield>
   <datafield ind2=" " ind1=" " tag="520">
      <subfield code="a">COVID-19; Consumo de antimicrobianos; Dosis diarias definidas</subfield>
   </datafield>
   <datafield ind2=" " ind1=" " tag="520">
      <subfield code="a">COVID-19; Consum d'antimicrobians; Dosis diàries definides</subfield>
   </datafield>
   <datafield ind2=" " ind1=" " tag="520">
      <subfield code="a">COVID-19; Antimicrobial consumption; Defined daily doses</subfield>
   </datafield>
   <datafield ind2=" " ind1=" " tag="520">
      <subfield code="a">Background: Antimicrobials have been widely used during the COVID-19 pandemic. This study aimed to analyze the impact of the COVID-19 pandemic on the antimicrobial consumption of 66 hospitals in Catalonia. Methods: Adult antibacterial and antimycotic consumption was calculated as defined daily doses (DDD)/100 bed-days and DDD/100 discharges. Firstly, overall and ICU consumption in 2019 and 2020 were compared. Secondly, observed ICU 2020 consumptions were compared with non-COVID-19 2020 estimated consumptions (based on the trend from 2008–2019). Results: Overall, antibacterial consumption increased by 2.31% and 4.15% DDD/100 bed-days and DDD/100 discharges, respectively. Azithromycin (105.4% and 109.08% DDD/100 bed-days and DDD/100 discharges, respectively) and ceftriaxone (25.72% and 27.97% DDD/100 bed-days and DDD/100 discharges, respectively) mainly accounted for this finding. Likewise, antifungal consumption increased by 10.25% DDD/100 bed-days and 12.22% DDD/100 discharges, mainly due to echinocandins or amphotericin B. ICU antibacterial and antimycotic consumption decreased by 1.28% and 4.35% DDD/100 bed-days, respectively. On the contrary, antibacterial and antifungal use, expressed in DDD/100 discharges, increased by 23.42% and 19.58%. Azithromycin (275.09%), ceftriaxone (55.11%), cefepime (106.35%), vancomycin (29.81%), linezolid (31.28%), amphotericin B (87.98%), and voriconazole (96.17%) use changed the most. Observed consumption of amphotericin B, azithromycin, caspofungin, ceftriaxone, vancomycin, and voriconazole were higher than estimated values. Conclusions: The consumption indicators for most antimicrobials deviated from the expected trend pattern. A worrisome increase in antibacterial and antifungal consumption was observed in ICUs in Catalonia.</subfield>
   </datafield>
   <datafield ind2=" " ind1=" " tag="520">
      <subfield code="a">The present study was carried out as part of our routine work. The VINCat program is supported by public funding from the Catalan Health Service, Department of Health, Generalitat de Catalunya.</subfield>
   </datafield>
   <datafield ind1="8" ind2=" " tag="024">
      <subfield code="a">http://hdl.handle.net/11351/7390</subfield>
   </datafield>
   <datafield tag="653" ind2=" " ind1=" ">
      <subfield code="a">Medicaments antiinfecciosos - Ús terapèutic</subfield>
   </datafield>
   <datafield tag="653" ind2=" " ind1=" ">
      <subfield code="a">COVID-19 (Malaltia) - Catalunya</subfield>
   </datafield>
   <datafield tag="653" ind2=" " ind1=" ">
      <subfield code="a">CHEMICALS AND DRUGS::Chemical Actions and Uses::Pharmacologic Actions::Therapeutic Uses::Anti-Infective Agents</subfield>
   </datafield>
   <datafield tag="653" ind2=" " ind1=" ">
      <subfield code="a">Other subheadings::Other subheadings::/therapeutic use</subfield>
   </datafield>
   <datafield tag="653" ind2=" " ind1=" ">
      <subfield code="a">DISEASES::Virus Diseases::RNA Virus Infections::Nidovirales Infections::Coronaviridae Infections::Coronavirus Infections</subfield>
   </datafield>
   <datafield tag="653" ind2=" " ind1=" ">
      <subfield code="a">COMPUESTOS QUÍMICOS Y DROGAS::acciones y usos químicos::acciones farmacológicas::usos terapéuticos::antiinfecciosos</subfield>
   </datafield>
   <datafield tag="653" ind2=" " ind1=" ">
      <subfield code="a">Otros calificadores::Otros calificadores::/uso terapéutico</subfield>
   </datafield>
   <datafield tag="653" ind2=" " ind1=" ">
      <subfield code="a">ENFERMEDADES::virosis::infecciones por virus ARN::infecciones por Nidovirales::infecciones por Coronaviridae::infecciones por Coronavirus</subfield>
   </datafield>
   <datafield ind2="0" ind1="0" tag="245">
      <subfield code="a">Antimicrobial Consumption among 66 Acute Care Hospitals in Catalonia: Impact of the COVID-19 Pandemic</subfield>
   </datafield>
</record></metadata></record></GetRecord></OAI-PMH>